Регионална библиотека "Любен Каравелов" - Русе

Готовност за обучение в училище (Запис номер 54136)

MARC детайли
000 -Лидер
Контролно поле с фиксирана дължина 01927nam a2200409 c 4500
003 - Код на организацията, давaща контролен номер
Контролно поле BLK
005 - Дата и час на последна редакция
Контролно поле 20241018143751.0
008 - Елементи от данни с фиксирана дължина
fixed length control field 180408b bul|||||r ||||||| ||bul||
010 ## - Наследен системен номер
LC control number KNG00058080000
020 ## - Международен стандартен номер на книга ISBN
Международен стандартен номер на книга ISBN 954-326-023-0
-- издат.: Парадигма
040 ## - Източник на каталожния запис
Идентификатор на билиотеката - собственик на записа BLK
041 ## - Код за език
Код за езика на текст/звукозапис или на отделно заглавие Български
Код за езика КДБФ Български
080 ## - УДК
Текстов определител УДК Мислене. Представа - Абстракция. Подбор. Сравнение. Размисъл. Преценка. Мнение. Умозаключение. Индукция. Дедукция. Евристика. Мислене и говорене. Рефлексия (психол.)
УДК код - определител по УДК 159.955
УДК определител -053.4
УДК - код + определител 159.955-053.4
080 ## - УДК
Текстов определител УДК Български език
УДК код - определител по УДК 811.163.2
УДК определител -085.5-053.4
УДК - код + определител 811.163.2-085.5-053.4
100 1# - Редна дума - Автор
Автор Калчев, Пламен
Авторска отговорност първи автор
R(LIN) 368978
139 ## - Редно поле
Редна дума Калчев, Пламен
Авторски знак Калч - К 20
245 10 - Сведения за заглавието
Заглавие Готовност за обучение в училище
Подзаглавни данни Тест за оценка на когнитивни аспекти
Редно поле (дума) Пламен Калчев.
257 ## - Страна на издаване
Страна на създаване/издаване България
260 ## - Област на издателските данни
-- София
Име на издателя, разпространителя и проч. Парадигма
Година на издаване 2005
Печатница В. Търново : Фабер
300 ## - Физическа характеристика
Страници 176 с.
Илюстрации и др. с табл.
Размери/Мащаб 20 см
380 ## - Жанр
Жанр Философия
500 ## - Общи забележки
Забележка Офс. изд. - Библиогр. с. 164-170.
504 ## - Забележка за наличие на библиография и др
Забележка за наличие на библиография и под. 164-170
650 #4 - Допълнително описание по предмет – тема
Основно описание – тема или топоним Психолингвистика, детска
9 (RLIN) 250708
650 #4 - Допълнително описание по предмет – тема
Основно описание – тема или топоним Деца, предучилищна възраст - общуване и реч
9 (RLIN) 246128
653 ## - Ключова дума – ненормативна
Ключова дума предучилищна подготовка
653 ## - Ключова дума – ненормативна
Ключова дума детска психология
653 ## - Ключова дума – ненормативна
Ключова дума езиково обучение
653 ## - Ключова дума – ненормативна
Ключова дума психолингвистика
653 ## - Ключова дума – ненормативна
Ключова дума предучилищна възраст
852 ## - Местоположение
Форматна сигнатура Цб 226308
856 4# - Електронен адрес и достъп
Електронен формат pdf - файл
Път до файла /url/
856 4# - Електронен адрес и достъп
Електронен формат pdf - файл
Път до файла /url/
942 ## - АРТИКУЛИ
Вид на библиотечния материал Книги
Скрит в OPAC Не
Koha issues (borrowed), all copies 4
944 ## - СЪЗДАВАНЕ И РЕДАКЦИЯ на ЗАПИСА
Създаване/Редакция Създаване
Дата на регистрацията/редакция 02.02.2006
Служител, извършил регистрацията/редакцията 30531
Статус, дата на статуса Цветелина Шанова
944 ## - СЪЗДАВАНЕ И РЕДАКЦИЯ на ЗАПИСА
Създаване/Редакция Редакция
Дата на регистрацията/редакция 25.08.2008
Служител, извършил регистрацията/редакцията
999 ## - СИСТЕМНИ КОНТРОЛНИ НОМЕРА
Koha biblionumber 54136
Koha biblioitemnumber 54136
Наличности
Код за отписване Код за изгубен артикул Код за повреда Коз за рестрикции Код за отдаване Артикулен № Име на библиотеката - собственик Име на библиотеката, в която се намира в момента Статус (Текущо местоположение) Дата на вписване в системата Местоположение - отдел Цена в лева Инвентарен номер Систематично азбучна сигнатура Баркод Номер на екземпляра Цена в евро Служебна бележка Служебен тип на артикула Източник на класификационната схема
  Не е изгубен Не е повреден без рестрикции заемане за дома 85331 Регионална библиотека "Любен Каравелов" Русе Регионална библиотека "Любен Каравелов" Русе Заемна - подръчен фонд 2006-02-02 Заемна - подръчен фонд 8.00 120000699873 П 159.9/К 20 120000699873 1 4.09 Дост: Pk Вид: Ф N: 38026 Дата: 02.02.2006 Дата инв: 01.02.2018 Бележки инв: П2018 Книги  
  Не е изгубен Не е повреден без рестрикции заемане за дома 85332 Регионална библиотека "Любен Каравелов" Русе Регионална библиотека "Любен Каравелов" Русе Заемна - подръчен фонд 2007-08-16 Заемна - подръчен фонд 7.00 120000716784 П 159.9/К 20 120000716784 2 3.58 Дост: Pk Вид: Ф N: 7450 Дата: 14.08.2007 Дата инв: 14.11.2014 Бележки инв: П2014 Книги Universal Decimal Classification
  Не е изгубен Не е повреден без рестрикции ползва се в читалня 85333 Регионална библиотека "Любен Каравелов" Русе Регионална библиотека "Любен Каравелов" Русе Хранилище 2008-08-20 Хранилище 8.00 120000728090 Цб 226308 120000728090 3 4.09 Дост: Dp Вид: Д N: 20 Дата: 18.04.2008 Книги  
Vip Innovations Ltd, Rousse, Bulgaria 2025